Every American Area Code - Statistics

General Stats
  • This quiz has been taken 37 times
  • The average score is 59 of 228
Answer Stats
City/State Area Code % Correct
New York City NY 212 | 332 | 347 | 646 | 718 | 845 | 917 | 929
53%
Chicago IL 312 | 773 | 872
53%
Boston MA 339 | 617 | 781 | 857
47%
Atlanta GA 404 | 470 | 678
47%
Baltimore MD 410 | 443 | 667
43%
Arlington VA 571 | 703
43%
Hawaii 808
43%
Alaska 907
43%
Bridgeport CT 203 | 475
40%
Los Angeles CA 213 | 310 | 323 | 424 | 747 | 818
40%
Philadelphia PA 215 | 267 | 445
40%
Cleveland OH 216
40%
Houston TX 281 | 346 | 713 | 832
40%
Miami FL 305 | 786
40%
Detroit MI 313
40%
Cedar Rapids IA 319
40%
Albuquerque NM 505
40%
Jersey City NJ 201 | 551
37%
Washington D.C. DC 202
37%
Birmingham AL 205
37%
Akron OH 234 | 330
37%
Delaware 302
37%
Syracuse NY 315 | 680
37%
Orlando FL 321 | 407
37%
Chatanooga TN 423
37%
Allentown PA 484 | 610
37%
New Hampshire 603
37%
Charlotte NC 704 | 980
37%
Buffalo NY 716
37%
Raleigh NC 919 | 984
37%
Dallas TX 214 | 469 | 972
33%
Denver CO 303 | 720
33%
Wyoming 307
33%
Auroa IL 331 | 630
33%
Montana 406
33%
Austin TX 512 | 737
33%
Cincinnati OH 513
33%
Des Moines IA 515
33%
Albany NY 518 | 838
33%
South Dakota 605
33%
Ashland KY 606
33%
North Dakota 701
33%
Ann Arbor MI 734
33%
Fort Lauderdale FL 754 | 954
33%
Vermont 802
33%
Columbia SC 803
33%
Evansville IN 812 | 930
33%
Asheville NC 828
33%
Charleston SC 843 | 854
33%
Newark NJ 862 | 973
33%
Lancaster PA 223 | 717
30%
Elgin IL 224 | 847
30%
Germantown MD 240 | 301
30%
Bowling Green KY 270 | 364
30%
Scranton PA 272 | 570
30%
West Virginia 304 | 681
30%
Indianapolis IN 317 | 463
30%
Columbus OH 380 | 614
30%
Providence RI 401
30%
Eugene OR 458 | 541
30%
Las Cruces NM 575
30%
Binghampton NY 607
30%
Grand Rapids MI 616
30%
Belleville IL 618
30%
Anaheim CA 657 | 714
30%
Bakersfield CA 661
30%
Augusta GA 706 | 762
30%
Cicero IL 708
30%
Colorado Springs CO 719
30%
Richmond VA 804
30%
Elizabeth NJ 908
30%
Fayettville NC 910
30%
Concord CA 925
30%
Portland ME 207
27%
Idaho 208 | 986
27%
Stockton CA 209
27%
San Antonio TX 210 | 726
27%
Duluth MN 218
27%
Albany GA 229
27%
Bristol VA 276
27%
Sacramento CA 279 | 916
27%
Montgomery AL 334
27%
Salt Lake City UT 385 | 801
27%
Omaha NE 402 | 531
27%
Oklahoma City OK 405
27%
San Jose CA 408 | 669
27%
Beaumont TX 409
27%
Pittsburgh PA 412 | 878
27%
San Francisco CA 415 | 628
27%
Belleuve WA 425
27%
Parma OH 440
27%
Mesa AZ 480
27%
Little Rock AR 501
27%
Louisville KY 502
27%
Portland OR 503 | 971
27%
New Orleans LA 504
27%
Hemstead NY 516
27%
Redding CA 530
27%
Eau Claire WI 534 | 715
27%
Ronoake VA 540
27%
Fresno CA 559
27%
Rochester NY 585
27%
Phoenix AZ 602 | 623
27%
Madison WI 608
27%
Trenton NJ 609 | 640
27%
Minneapolis MN 612
27%
Nashville TN 615 | 629
27%
San Diego CA 619 | 858
27%
Las Vegas NV 702 | 725
27%
Port St. Lucie FL 772
27%
Reno NV 775
27%
Flint MI 810
27%
Tampa FL 813
27%
Erie PA 814
27%
Kansas City MO 816
27%
Memphis TN 901
27%
Jacksonville FL 904
27%
San Bernardino CA 909
27%
El Paso TX 915
27%
Dayton OH 937
27%
Bloomington MN 952
27%
Hammond IN 219
23%
Baton Rouge LA 225
23%
Gulfport MS 228
23%
Cape Coral FL 239
23%
Grand Island NE 308
23%
Peoria IL 309
23%
St. Louis MO 314
23%
Wichita KS 316
23%
Shreveport LA 318
23%
Abilene TX 325
23%
Vancouver WA 360 | 564
23%
Milwaukee WI 414
23%
Springfield MO 417
23%
Toledo OH 419 | 567
23%
Macon GA 478
23%
Spokane WA 509
23%
Oakland CA 510
23%
Lansing MI 517
23%
Tulsa OK 539 | 918
23%
Long Beach CA 562
23%
Jackson MS 601 | 769
23%
Brentwood NY 631 | 934
23%
San Mateo CA 650
23%
St. Paul MN 651
23%
Santa Rosa CA 707
23%
St. Petersburg FL 727
23%
Toms River NJ 732 | 848
23%
Rockford IL 779 | 815
23%
Topeka KS 785
23%
Oxnard CA 805 | 820
23%
Salinas CA 831
23%
Tallahassee FL 850
23%
Hartford CT 860 | 959
23%
Knoxville TN 865
23%
Clarksville TN 931
23%
Irvine CA 949
23%
Fort Collins CO 970
23%
Seattle WA 206
20%
Springfield IL 217
20%
Newark OH 220 | 740
20%
Huntsville AL 256 | 938
20%
Fort Wayne IN 260
20%
Kenosha WI 262
20%
Greensboro NC 336 | 743
20%
Lowell MA 351 | 978
20%
Gainsville FL 352
20%
Corpus Christi TX 361
20%
Springfield MA 413
20%
Tyler TX 430 | 903
20%
Lynchburg VA 434
20%
St. George UT 435
20%
Oceanside CA 442 | 760
20%
Rochester MN 507
20%
Worchester MA 508 | 774
20%
Tuscon AZ 520
20%
Davenport IA 563
20%
Hutchinson KS 620
20%
Pasadena CA 626
20%
Fort Worth TX 682 | 817
20%
Sioux City IA 712
20%
New Castle PA 724
20%
Virginia Beach VA 757
20%
Lubbock TX 806
20%
Camden NJ 856
20%
Lakeland FL 863
20%
Jonesboro AR 870
20%
Savannah GA 912
20%
Overland Park KS 913
20%
Yonkers NY 914
20%
Conroe TX 936
20%
North Post FL 941
20%
Riverside CA 951
20%
College Station TX 979
20%
Saginaw MI 989
20%
Greenville NC 252
17%
Kalamazoo MI 269
17%
Midland TX 432
17%
West Palm Beach FL 561
17%
Sedalia MO 660
17%
Southaven MS 662
17%
Brooklyn Park MN 763
17%
Greenville SC 864
17%
Denton TX 940
17%
Mobile AL 251
13%
Killeen TX 254
13%
Palm Coast FL 386
13%
Fort Smith AR 479
13%
Columbia MO 573
13%
O'Fallon MO 636
13%
Mason City IA 641
13%
Jackson TN 731
13%
Roswell GA 770
13%
Marquette WI 906
13%
Green Bay WI 920
13%
Yuma AZ 928
13%
Laredo TX 956
13%
Houma LA 985
13%
Muskegon MI 231
10%
Troy MI 248 | 947
10%
Tacoma WA 253
10%
St. Cloud MN 320
10%
South Bend IN 574
10%
Warren MI 586
10%
Munice IN 765
10%
New Braunfels TX 830
10%
Lexington-Fayette KY 859
10%
Lafeyette LA 337
7%
No matching quizzes found
Score Distribution
Percent of People with Each Score
Percentile by Number Answered
Your Score History
You have not taken this quiz